00382nam a22000977a 4500100007200000245010400072260002700176300000700203700004200210856003200252 aZahid Hussaina16MIEM05aSupervisor - Prof. Dr. Abdul Sattar Jamali aImpact of ISO 9000 on Operational and Business Performance of Pakistan Machine Tool Factory Karachi aNawabshahbQUESTc2019 a63 aDepartment of Mechanical Engineering  uhttp://tinyurl.com/mryufp5e